Revolucionarios y parlamentarios: la cultura política del Partido Obrero Socialista, 1912-1922
Gespeichert in:
| 1. Verfasser: | |
|---|---|
| Format: | Buch |
| Sprache: | Spanisch |
| Veröffentlicht: |
Santiago
Lom Ediciones
2017
|
| Ausgabe: | 1a. ed |
| Schriftenreihe: | Colección Historia
|
| Schlagworte: | |
| Tags: |
Tag hinzufügen
Keine Tags, Fügen Sie den ersten Tag hinzu!
|
MARC
| LEADER | 00000cam a2200000 a 4500 | ||
|---|---|---|---|
| 001 | UCC7938 | ||
| 003 | CL-VaPUC | ||
| 005 | 20221121170956.0 | ||
| 008 | 190520e20170000cl |||||||||||||||||spa|d | ||
| 020 | |a 9789560009777 | ||
| 040 | |c Pontificia Universidad Católica de Valparaíso | ||
| 082 | 0 | 4 | |a 320.53983 |b NAV |2 21 |
| 100 | |a Navarro López, Jorge |e autor |9 602681 | ||
| 245 | 1 | 0 | |a Revolucionarios y parlamentarios: la cultura política del Partido Obrero Socialista, 1912-1922 |
| 250 | |a 1a. ed | ||
| 260 | |a Santiago |b Lom Ediciones |c 2017 | ||
| 300 | |a 278 p | ||
| 490 | 0 | |a Colección Historia | |
| 583 | |a last modification |c 20190520 16:29:00 |k Rodrigo Vera | ||
| 650 | 0 | |a Partido socialista |9 371683 | |
| 650 | 0 | |a Partido socialista de Chile |9 431047 | |
| 650 | 0 | |a Socialismo |9 255260 | |
| 942 | |c BK | ||
| 945 | |d 20190520 16:29:00 |a dcastane | ||
| 999 | |c 374441 |d 374439 | ||
| 952 | |0 0 |1 0 |3 erb |4 0 |6 320_539830000000000_NAV_2017 |7 0 |8 A |9 492967 |a BIBHIS |b BIBHIS |i 5549515 |l 2 |m 1 |o 320.53983 NAV 2017 |p 5549515 |r 2025-01-20 |s 2024-05-28 |w 2019-11-24 |y BK |z Catalogado en:20190520 |k HIS | ||